00480nam a2200169Ia 4500008004100000100002300041245005600064260001100120300002000131440003700151521001000188650001700198650002100215650002900236650002400265650002100289140626s9999 xx 000 0 und d aHechanova, Regina. aDeconstructing emotional labor /cRegina Hechanova. cc2011. a44 : 1, page 76 aPhilippine Journal of Psychology aPSYCH aCall center. aEmotional labor. aOrganization commitment. aPhilippine culture. aTurnover intent.